The outbreak of the English Civil War /

Bibliographic Details
Main Author: Fletcher, Anthony
Format: Book
Language:English
Published: London : E. Arnold, 1981.
Subjects:

MARC

Tag First Indicator Second Indicator Subfields
LEADER 00000cam a2200000 a 4500
001 in00000072668
005 20151008054601.0
008 811203s1981 enkb b 00110 eng d
020 |a 0713163208 :  |c 24.00 
035 |a (OCoLC)07973784 
035 |9 AAJ1088AM 
040 |a WLU  |c WLU  |d TXA  |d UtOrBLW 
043 |a e-uk--- 
049 |a TXAM  |c [1804254] 
090 |a DA415  |b .F54 1981a 
100 1 |a Fletcher, Anthony. 
245 1 4 |a The outbreak of the English Civil War /  |c Anthony Fletcher. 
264 1 |a London :  |b E. Arnold,  |c 1981. 
300 |a xxx, 446 pages :  |b maps ;  |c 24 cm. 
336 |a text  |b txt  |2 rdacontent 
337 |a unmediated  |b n  |2 rdamedia 
338 |a volume  |b nc  |2 rdacarrier 
504 |a Includes bibliographical references and index. 
651 0 |a Great Britain  |x History  |y Civil War, 1642-1649. 
999 |a MARS 
999 f f |s d7aab7d6-23d0-3d87-9600-06b56b098a4c  |i e5ac45d3-14b7-3824-a01c-00319aceda64  |t 0 
952 f f |p normal  |a Texas A&M University  |b College Station  |c Sterling C. Evans Library  |d Evans: Library Stacks  |t 0  |e DA415 .F54 1981a  |h Library of Congress classification  |i unmediated -- volume  |m A14806096501 
998 f f |a DA415 .F54 1981a  |t 0  |l Evans: Library Stacks